Équipes nationales de football débutant au Championnat d'Europe - Statistiques

Statistiques générales
  • Ce quiz a été pris 15 fois
  • Le résultat moyen est 6 sur 40
Statistiques - réponses
Hint Réponse % Correct
Union soviétique 1960
79%
Yougoslavie 1960
43%
Géorgie 2024
43%
France 1960
29%
Espagne 1964
29%
Albanie 2016
29%
Islande 2016
29%
Tchécoslovaquie 1960
21%
Ukraine 2012
21%
Pays de Galles 2016
21%
Danemark 1964
14%
Italie 1968
14%
Allemagne de l'Ouest 1972
14%
République Tchèque 1996
14%
Russie 1996
14%
Slovénie 2000
14%
Lettonie 2004
14%
Autriche 2008
14%
Macédoine du Nord 2020
14%
Hongrie 1964
7%
Angleterre 1968
7%
Belgique 1972
7%
Grèce 1980
7%
Portugal 1984
7%
Irlande 1988
7%
Ecosse 1992
7%
Suède 1992
7%
Suisse 1996
7%
Pologne 2005
7%
Slovaquie 2016
7%
Irlande du Nord 2016
7%
Finlande 2020
7%
Serbie 2024
7%
Pays-Bas 1976
0%
Roumanie 1984
0%
Allemagne 1992
0%
Bulgarie 1996
0%
Croatie 1996
0%
Turquie 1996
0%
Norvège 2000
0%
Aucun quiz correspondant
Distribution des résultats
% des personnes avec chaque résultat
Percentile par nombre de réponses
Votre historique - résultats
Vous n’avez pas pris ce quiz